Povodně
| Main Author: | |
|---|---|
| Format: | Article |
| Language: | Czech Slovak |
| ISBN: | ISBN 80-86712-29-X |
| Online Access: | http://www.viks.sk/chk/seminarrestahist1_2003.doc |
MARC
| LEADER | 00000naa a2200000 a 4500 | ||
|---|---|---|---|
| 001 | vtls008834117 | ||
| 003 | SK-MaSNL | ||
| 005 | 20260302100312.0 | ||
| 008 | 040826 2005 xo 000 0 cze | ||
| 040 | |a SNKORKD |b slo |c SNKORKD |e AACR2 | ||
| 041 | 0 | |a slo | |
| 044 | |a xo |c SK | ||
| 100 | 1 | |a Linhartová, Lenka |4 aut |9 770723 | |
| 245 | 1 | 0 | |a Povodně |
| 773 | |t XII. Seminář restaurátorů a historiků-Praha 2003 |d Praha: Národní archiv, 2005 |g p. 21-22 |z ISBN 80-86712-29-X | ||
| 856 | 4 | |u http://www.viks.sk/chk/seminarrestahist1_2003.doc | |
| 910 | |a schk |a memoriask | ||
| 999 | |c 1219821 |d 1221751 | ||


